000
00309 a2200157 4500
001
159150
020
_a
040
_c
Magnum
100
_a
-
240
1
0
_a
Almanaque sacipan s.a
_l
por
245
1
0
_a
Almanaque sacipan s.a
362
0
_a
1899
440
1
_a
Abril
697
_a
MAGNITO: GERAL
942
_c
BK
999
_c
159150
_d
159150